000 00665cam a22002413a 4500
001 1188
003 PGUSA
005 20140828082958.0
008 980201s1998||||xxu|||||s|||||000 1 eng d
040 _aPGUSA
_beng
042 _adc
050 4 _aPR
100 1 _aStoker, Bram,
_d1847-1912
245 1 4 _aThe Lair of the White Worm
_h[electronic resource] /
_cBram Stoker
260 _bProject Gutenberg,
_c1998
506 _aPublic domain in the USA.
516 _aElectronic text
653 _aGothic fiction (Literary genre)
653 _aHorror tales
830 0 _aProject Gutenberg
_v1188
856 4 0 _uhttp://www.gutenberg.org/ebooks/1188
942 _cEB
999 _c230536
_d230536